000 00581nam a2200205Ia 4500
003 OSt
005 20221007112541.0
006 a|||||r|||| 00| 0
007 ta
008 221006b |||||||| |||| 00| 0 eng d
024 _a28,664
037 _cBound Volume
040 _aLCO
_cLCO
_beng
041 _2eng
_aeng
245 0 _aALL INDIA REPORTER BOMBAY, LAHORE, PATNA, KUCH, SIND, ANDRH, ASSAM, CALCULTA
260 _aNagpur
_bAll India reporter ltd. India
_c1914
490 _v930128 71 -1984
942 _cCR
999 _c1198227
_d1198227